| 000 | 00466nam a2200157 i 4500 | ||
|---|---|---|---|
| 001 | 72666 | ||
| 003 | ES-MaACL | ||
| 005 | 20230906171519.0 | ||
| 007 | t| | ||
| 008 | 040902s1927 fr ||||1| fre d | ||
| 100 | 1 |
_aGoblot, Edmond. _957493 |
|
| 245 | 1 | 3 |
_aLa logique des jugements de valeur _b: theorie et applications / _cEdmond Goblot. |
| 260 |
_aParis : _bMax Leclerc et cie, _c1927 ( _fChartres-Durand) |
||
| 300 |
_a210 p. ; _c23 cm. |
||
| 852 |
_aES-MaACL _jA-579 |
||
| 999 |
_c72666 _d72666 |
||